000 00484pab a2200193 454500
008 180718b2000 xxu||||| |||| 00| 0 eng d
100 _aSharma, R.N.
245 _aCities, slums and government
260 _c2000
300 _ap.3733-735
362 _aOct
650 _aUrban areas - India
650 _aSlums - India
650 _aUrban development - India
650 _aUrban development
700 _aSita, K.
773 _aEconomic and Political Weekly
909 _a46576
999 _c46576
_d46576